Las venas abiertas de América Latina / (Registro nro. 6157)

Detalles MARC
000 -LÍDER
campo de control de longitud fija 00967nam a2200253Ia 4500
003 - IDENTIFICADOR DE NÚMERO DE CONTROL
campo de control OSt
005 - FECHA Y HORA DE LA ÚLTIMA
campo de control 20240228153712.0
008 - ELEMENTOS DE DATOS DE LONGITUD FIJA - INFORMACIÓN GENERAL
campo de control de longitud fija 191128s1983 ck gr 001 0 spa d
020 ## - NÚMERO INTERNACIONAL NORMALIZADO DEL LIBRO
Número de libro estándar internacional 9682301009
037 ## - FUENTE DE ADQUISICIÓN
Materials specified Donación
040 ## - FUENTE DE CATALOGACIÓN
Agencia de catalogación original CO-JMCR
Agencia de transcripción CO-JMCR
Agencia modificadora CO-JMCR
Convenciones de descripción rda
041 0# - CÓDIGO DE IDIOMA
Código de idioma del texto/pista de sonido o título independiente spa
082 04 - NÚMERO DE CLASIFICACIÓN DECIMAL DEWEY
Número de clasificación 301.298
Número de artículo G15v
Número de edición 23
100 1# - ENTRADA PRINCIPAL - NOMBRE PERSONAL
Nombre personal Galeano, Eduardo,
Término relativo autor
9 (RLIN) 10313
245 14 - DECLARACIÓN DEL TÍTULO
Título Las venas abiertas de América Latina /
Declaración de responsabilidad, etc. Eduardo Galeano
250 ## - DECLARACIÓN DE EDICIÓN
Declaración de edición Trigécima tercera edición
260 ## - PUBLICACIÓN, DISTRIBUCIÓN, ETC.
Lugar de publicación, distribución, etc. Bogotá :
Nombre del editor, distribuidor, etc. Siglo veintiuno,
Fecha de publicación, distribución, etc. 1983
300 ## - DESCRIPCIÓN FÍSICA
Medida 486 páginas ;
Dimensiones 17 cm.
500 ## - NOTA GENERAL
Nota general Incluye índice analítico.
505 0# - NOTA DE CONTENIDO FORMATEADO
Nota de contenido formateada Ciento veinte millones de niños en el centro de la tormenta -- La pobreza del hombre como resultado de la riqueza de la tierra -- El desarrollo es un viaje con más náufragos que navegantes
650 14 - ENTRADA AÑADIDA DE ASUNTO - TÉRMINO TEMÁTICO
Fuente del encabezado o término Desarrollo Económico
Subdivisión geográfica América Latina
9 (RLIN) 7491
651 #4 -
-- América Latina
-- condiciones económicas
-- 10316
942 ## - ELEMENTOS DE ENTRADA AÑADIDOS (KOHA)
Source of classification or shelving scheme Dewey Decimal Classification
Tipo de artículo Koha Books
999 ## -
-- 6157
-- 6157
Existencias
Estado retirado